[Event "Sant Boi op-A"]
[Site "Sant Boi de Llobregat"]
[Date "2000.05.26"]
[Round "3"]
[White "Mingo Fernandez, Matias"]
[Black "Hernando Rodrigo, Julio Antonio"]
[Result "0-1"]
[WhiteElo "2225"]
[BlackElo "2364"]
[PlyCount "86"]
[EventDate "2000.05.12"]
[EventType "swiss"]
[EventRounds "7"]
[EventCountry "ESP"]
[SourceTitle "EXT 2003"]
[Source "ChessBase"]
[SourceDate "2002.11.25"]
[SourceVersion "1"]
[SourceVersionDate "2002.11.25"]
[SourceQuality "1"]

1. e4 e6 2. d3 d5 3. Nd2 Nf6 4. Ngf3 b6 5. g3 Bb7 6. e5 Nfd7 7. Bg2 c5 8. 0-0 Nc6 9. Re1 Qc7 10. Qe2 Be7 11. Nf1 0-0-0 12. c4 dxc4 13. dxc4 g5 14. Bxg5 Bxg5 15. Nxg5 Ndxe5 16. f4 h6 17. Nf3 Nxf3+ 18. Qxf3 h5 19. h4 Na5 20. Qc3 Rhg8 21. Bxb7+ Kxb7 22. Re5 Rd4 23. Qf3+ Kb8 24. b3 Nc6 25. Re4 e5 26. fxe5 Rg4 27. Rae1 Rdxe4 28. Rxe4 Nd4 29. Qg2 Qd7 30. Nh2 Qf5 31. Re1 Rg8 32. Qf2 Qd3 33. Kg2 Nf5 34. Nf3 Qc3 35. Kh2 Nh6 36. Ng5 Ng4+ 37. Kg2 Nxf2 38. Kxf2 Qd2+ 39. Re2 Qd4+ 40. Re3 Rxg5 41. hxg5 Qd2+ 42. Kf3 Qd1+ 43. Kf4 Qg4# 0-1